Supernatural Season 9 Quiz - Statistics

General Stats
  • This quiz has been taken 131 times
    119 since last reset
  • The average score is 15 of 32
Answer Stats
Hint Answer % Correct
What is the name of the angel that possesses Sam at the end of "I Think I'm Gonna Like it Here"? Gadreel
97%
What age was Dean in the flashbacks to his teenage years in "Bad Boys"? 16
89%
What mark does Dean get in "First Born"? The Mark of Cain
89%
Who kills Abaddon in "King of the Damned"? Dean
78%
What monster's nest do Jody and the boys infiltrate in "Alex Annie Alexis Ann"? Vampire
78%
Who did Gadreel kill in "Holy Terror"? Kevin Tran
75%
What kind of bird does Dean fight with in "Dog Dean Afternoon"? Pigeon
75%
Who emerges from the shadows to take over Hell in "Devil May Care"? Abaddon
71%
What color are Dean's eyes in the last scene? Black
70%
What is the name of the reaper Dean kills in "Stairway to Heaven"? Tessa
64%
What duo are working the same case as the Winchesters in "Thinman"? The Ghostfacers
62%
What is the name of the blonde sheriff the brothers meet in "The Purge"? Donna Hanscum
60%
Which one of the actors directed "Mother's Little Helper"? Misha Collins
55%
What is Crowley continuing to look for in "Blade Runners"? The First Blade
51%
What angel sacrifices themselves to win the war in Heaven? Gadreel
48%
Finish the quote: "You know who wears sunglasses inside? Blind people. And _____________" Douchebags
42%
Finish the quote: " No one in the history of _______ has been _________ with _______ like the _______ you'll be ________ with." Torture(d)
40%
Where does Cas get a job in "Heaven Can't Wait"? Gas-N-Sip
38%
What name does Metatron go by as a miracle worker in "Do You Believe in Miracles"? Marv
36%
What does Metatron do to Dean in the season finale? Kills him
34%
What name does Castiel go by in the different communities that he stays in in "I'm No Angel"? Clarence
33%
Finish the quote: "You have a guinea pig? _________" Where
32%
What adult production does Dean recognize the girl from the chastity group in "Rock and a Hard Place" from? Casa Erotica
30%
What is the name of Crowley's son? Gavin
27%
What episode acted as the pilot for Supernatural: Bloodlines? Bloodlines
25%
What popular children's book character is in "Slumber Party"? Dorothy
25%
Finish the quote: ""Game of Thrones" is _________. Shower sex... that's ________. Hell ain't __________" Complicated
23%
What is Garth's wife's name? Bess
21%
Who tricks Castiel into going to Metatron in "Meta Fiction"? Gabriel
21%
What does Dean intend to do in "Road Trip"? Separate Sam from Gadreel
15%
What is haunted in "Captives"? The Bunker
12%
Finish the quote: "I'm gonna finish this call and then I'm gonna ___________" Stab you
5%
No matching quizzes found
Score Distribution
Percent of People with Each Score
Percentile by Number Answered
Your Score History
You have not taken this quiz since the last reset